=LDR 00000nam 2200000 4500 =001 INLIS000000000027296 =005 20140705132951.0 =006 =007 =008 Ind =035 ##$$a 0010-061300000027296 =041 ##$$a Ind =082 ##$$a 809.951308 =090 ##$$a 809.951308, Pus p =245 ##$$a Pusaka cina =260 ##$$a 2004 $b Semarang =300 ##$$a vi,90 hlm, ilus, 17 cm =650 ##$$a KESUSASTERAAN CINA, KUMPULAN =850 ##$$a NBPNMAT